ARRUPE JESUIT UNIVERSITY

CORONAVIRUS -STOP THE SPREAD - CLEAN,DISINFECT,COVER

Tanganyika safari / (Record no. 119206)

MARC details
000 -LEADER
fixed length control field 00684cam a22002291a 4500
001 - CONTROL NUMBER
control field 6952870
003 - CONTROL NUMBER IDENTIFIER
control field ARRUPE
005 - DATE AND TIME OF LATEST TRANSACTION
control field 20131211161742.0
008 - FIXED-LENGTH DATA ELEMENTS--GENERAL INFORMATION
fixed length control field 830301s1948 at a 000 0 eng
010 ## - LIBRARY OF CONGRESS CONTROL NUMBER
LC control number 49015584
035 ## - SYSTEM CONTROL NUMBER
System control number (OCoLC)9269024
040 ## - CATALOGING SOURCE
Original cataloging agency DLC
Transcribing agency OrCS
Modifying agency OrCS
-- DLC
042 ## - AUTHENTICATION CODE
Authentication code premarc
050 00 - LIBRARY OF CONGRESS CALL NUMBER
Classification number SPC DT440
Item number .M16
300 ## - PHYSICAL DESCRIPTION
Other physical details ill. ;
Dimensions 19 cm.
100 1# - MAIN ENTRY--PERSONAL NAME
Personal name Macdonald, Sheila,
Dates associated with a name 1880-1971.
9 (RLIN) 5512
245 10 - TITLE STATEMENT
Title Tanganyika safari /
Statement of responsibility, etc by Sheila Macdonald.
260 ## - PUBLICATION, DISTRIBUTION, ETC. (IMPRINT)
Place of publication, distribution, etc Sydney :
Name of publisher, distributor, etc Angus and Robertson,
Date of publication, distribution, etc 1948.
300 ## - PHYSICAL DESCRIPTION
Extent x, 237 p. :
651 #0 - SUBJECT ADDED ENTRY--GEOGRAPHIC NAME
Geographic name Tanzania
General subdivision Description and travel.
9 (RLIN) 5513
906 ## - LOCAL DATA ELEMENT F, LDF (RLIN)
a 7
b cbc
c oclcrpl
d u
e ncip
f 19
g y-gencatlg
942 ## - ADDED ENTRY ELEMENTS (KOHA)
Source of classification or shelving scheme Library of Congress Classification
Koha item type REFERENCE
Holdings
Withdrawn status Lost status Source of classification or shelving scheme Damaged status Not for loan Home library Current library Shelving location Date acquired Total Checkouts Full call number Barcode Date last seen Price effective from Koha item type
    Library of Congress Classification     ARRUPE LIBRARY ARRUPE LIBRARY Main Collection 11/12/2013   SPC DT440 .M16 464123080 11/12/2013 11/12/2013 REFERENCE

 

Arrupe Library. PO Box MP320 Mt Pleasant, Harare, Zimbabwe
263 242 745411|librarian@aju.ac.zw